Integration of disabled perons into community life (Record no. 495507)

000 -LEADER
fixed length control field 00420cam a22001097a 4500
008 - FIXED-LENGTH DATA ELEMENTS--GENERAL INFORMATION
fixed length control field 180718b1981 xxu||||| |||| 00| 0 eng d
082 ## - DEWEY DECIMAL CLASSIFICATION NUMBER
Classification number Q6 Un3in
245 ## - TITLE STATEMENT
Title Integration of disabled perons into community life
Statement of responsibility, etc. by Department of International Economic And Social Affairs,New York
260 ## - PUBLICATION, DISTRIBUTION, ETC.
Place of publication, distribution, etc. New York
Name of publisher, distributor, etc. United Nations
Date of publication, distribution, etc. 1981
300 ## - PHYSICAL DESCRIPTION
Extent iv,84p.
700 ## - ADDED ENTRY--PERSONAL NAME
Personal name U.S.A.Department of International Economic And Social Affairs,
Holdings
Withdrawn status Lost status Damaged status Not for loan Permanent Location Current Location Date acquired Full call number Barcode Date last seen Price effective from Koha item type
        Indian Institute of Public Administration Indian Institute of Public Administration 2018-08-04 Q6 Un3in G15465 2018-08-04 2018-08-04 G

Powered by Koha